000 00270nam a2200109Ia 4500
008 190216s9999||||xx |||||||||||||| ||und||
100 _aDesai.A.R
245 0 _aSocial Background Of Indian History
260 _bPopular Prakashan
650 _aIndian History
942 _cBK
999 _c18606
_d18606